000 00739nam a22002177a 4500
003 OSt
005 20250725033351.0
008 250725b |||||||| |||| 00| 0 eng d
020 _a978-621-04-5091-0
040 _aDWC-Main Lib
_cOC
082 _aFil. 899.2110 Ex96 2024
100 _aBendalan, Nilda B.
245 _aExploring contemporary and popular literature/
_cNilda B. Bendalan [and three others]
250 _a1st edition
260 _aSampaloc, Manila, Philippines :
_bRex Bookstore,
_cc2024.
300 _ax, 194 pages :
_billustrations ;
_c25cm.
504 _aIncludes bibliography and index.
650 _a1. Contemporary literature.
650 _a2. Popular literature.
942 _2ddc
_cBK - FIL
_e1st edition
_kFil.
_n0
999 _c3814
_d3814